000 00490nam a2200193Ia 4500
008 131103s9999 xx 000 0 und d
040 _aLoreto College
041 _aEnglish
082 _a238/KNO
_bLCLIB
100 _aKnox, R A
245 4 _aThe belief of catholics
_cR A Knox
260 _aGreat Britain
_bErnest Benn
_c1927
300 _a254p.
_c 21cm.
440 _aWhat i believe series
650 _aCatholics
651 _aChristianity
850 _aLCLIB/238/K
942 _cBK
999 _c25738
_d76217